शिंपण / (Record no. 71552)

MARC details
000 -LEADER
fixed length control field 01174nam a22002417a 4500
005 - DATE AND TIME OF LATEST TRANSACTION
control field 20121010141910.0
008 - FIXED-LENGTH DATA ELEMENTS--GENERAL INFORMATION
fixed length control field 121010t xxu||||| |||| 00| 0 mar d
010 ## - LCCN (DPL NO)
LC control number MAR-22780
020 ## - INTERNATIONAL STANDARD BOOK NUMBER
Terms of availability 200.00
035 ## - SYSTEM CONTROL NUMBER
System control number MR-15438
037 ## - SOURCE OF ACQUISITION
Source of stock number/acquisition DBAD/PUB
040 ## - CATALOGING SOURCE
Original cataloging agency DPL
Language of cataloging MR
082 ## - DEWEY DECIMAL CLASSIFICATION NUMBER
Classification number 891.46301
100 ## - MAIN ENTRY--PERSONAL NAME
9 (RLIN) 53016
245 ## - TITLE STATEMENT
Title शिंपण /
Statement of responsibility, etc रामदास भटकळ द्वारा संपादित
246 ## - VARYING FORM OF TITLE
Title proper/short title Shinpan
Remainder of title edited by Ramdass Bhatkal
260 ## - PUBLICATION, DISTRIBUTION, ETC. (IMPRINT)
Place of publication, distribution, etc मुंबई
Name of publisher, distributor, etc नवचैतन्य प्रकाशन
Date of publication, distribution, etc 2012
270 ## - ADDRESS
City मुंबई
Address न्यू गजांत को.ऑप.हौ.सो.लि.ब्लॉक नं. सी / 11,तळमजला,कोसांगोनगर,फ्लायओव्हरखाली,एस्.व्ही.रोड
Postal code 400092
300 ## - PHYSICAL DESCRIPTION
Extent पंधरा,184पृ
Dimensions 21सेमी(अजिल्द)
650 ## - SUBJECT ADDED ENTRY--TOPICAL TERM
9 (RLIN) 53690
942 ## - ADDED ENTRY ELEMENTS (KOHA)
Source of classification or shelving scheme Dewey Decimal Classification
Item type Marathi Books
Call number suffix शिंपण
Classification part 891.463092
Holdings
Withdrawn status Lost status Source of classification or shelving scheme Damaged status Not for loan Collection code Home library Current library Date acquired Source of acquisition Cost, normal purchase price Total Checkouts Full call number Barcode Date last seen Copy number Cost, replacement price Koha item type
    Dewey Decimal Classification   Not For Loan Non-fiction D.B.Act.Division D.B.Act.Division 21/11/2012 DBAD / PUB 200.00   891.463092 शिंपण MR-15438 21/11/2012 1 200.00 Marathi Books

© Delhi Public Library
Hit Counter
free hit counter